| 000 | 00819nmc a2200289 a 4500 | ||
|---|---|---|---|
| 003 | AR-BaBNM | ||
| 005 | 20251128204146.0 | ||
| 008 | 196019s1983 ||||||||||||||000 | spa|| | ||
| 020 | _a950-25-0004-0 | ||
| 040 | _cAR-BaBNM | ||
| 100 | 1 | _aGhirardi, Enrique | |
| 245 | 1 | 0 | _aLa democracia cristiana |
| 260 |
_aBuenos Aires _bCentro Editor de América Latina _c1983 |
||
| 300 | 0 | _a160 p. | |
| 490 | 0 |
_aBiblioteca política Argentina _vv. 5 |
|
| 610 | 2 | 4 | _aPartido Demócrata Cristiano [Argentina] |
| 650 | 4 | _aHISTORIA POLITICA ARGENTINA | |
| 650 | 4 | _aREVOLUCION DE SETIEMBRE DE 1955 | |
| 650 | 4 | _aCRISTIANOS | |
| 650 | 4 | _aLIBERALISMO | |
| 650 | 4 | _aPARTIDOS POLITICOS ARGENTINOS | |
| 650 | 4 | _aCATOLICISMO | |
| 651 | 4 | _aArgentina | |
| 800 | 1 |
_aTroncoso, Oscar _edirector |
|
| 942 | _cBK | ||
| 998 | _cenrique | ||
| 999 |
_c6415 _d6415 |
||